000 00361 a2200169 4500
001 57322
020 _a8526244442
040 _cAnchieta - Pituba
100 _aCony, Carlos Heitor
240 1 0 _aO Primo Basílio
_lpor
245 1 0 _aO Primo Basílio
300 _a135
362 0 _a2002
440 1 _aScipione
650 4 _aLiteratura juvenil
942 _cBK
999 _c57322
_d57322